El delito de violación : (Record no. 4982)

MARC details
000 -LEADER
fixed length control field 01092 a2200253 4500
003 - CONTROL NUMBER IDENTIFIER
control field AR-FvUNAJ
005 - DATE AND TIME OF LATEST TRANSACTION
control field 20251203143212.0
008 - FIXED-LENGTH DATA ELEMENTS--GENERAL INFORMATION
fixed length control field 190814b ||||| |||| 00| 0 spa d
022 ## - INTERNATIONAL STANDARD SERIAL NUMBER
International Standard Serial Number 2250-7558
040 ## - CATALOGING SOURCE
Transcribing agency AR-FvUNAJ
100 1# - MAIN ENTRY--PERSONAL NAME
9 (RLIN) 8185
Personal name Ventola, Héctor Eduardo
245 03 - TITLE STATEMENT
Title El delito de violación :
Remainder of title fin de una discusión /
Statement of responsibility, etc Héctor Eduardo Ventola .
260 ## - PUBLICATION, DISTRIBUTION, ETC. (IMPRINT)
Place of publication, distribution, etc Buenos Aires :
Name of publisher, distributor, etc SAIJ ; Ministerio de Justicia y Derechos Humanos de la Nación ,
Date of publication, distribution, etc 2015
300 ## - PHYSICAL DESCRIPTION
Extent p. 171 - 175
310 ## - CURRENT PUBLICATION FREQUENCY
Current publication frequency Trimestral
362 ## - DATES OF PUBLICATION AND/OR SEQUENTIAL DESIGNATION
Dates of publication and/or sequential designation Año III, No. 9 (abr. 2015)
650 27 - SUBJECT ADDED ENTRY--TOPICAL TERM
Source of heading or term saij
9 (RLIN) 5011
Topical term or geographic name as entry element ABUSO SEXUAL
650 27 - SUBJECT ADDED ENTRY--TOPICAL TERM
Source of heading or term saij
9 (RLIN) 8175
Topical term or geographic name as entry element ANTEPROYECTO DEL CÓDIGO PENAL DE LA NACIÓN
710 1# - ADDED ENTRY--CORPORATE NAME
Corporate name or jurisdiction name as entry element Argentina.
Subordinate unit Ministerio de Justicia de la Nación
9 (RLIN) 14971
773 0# - HOST ITEM ENTRY
International Standard Serial Number 2250-7558
Title Derecho penal /
Place, publisher, and date of publication Buenos Aires : SAIJ ; Ministerio de Justicia y Derechos Humanos de la Nación , 2012 - 2015
856 41 - ELECTRONIC LOCATION AND ACCESS
Uniform Resource Identifier <a href="http://www.saij.gob.ar/hector-eduardo-ventola-delito-violacion-fin-una-discusion-dacf150709-2015-04/123456789-0abc-defg9070-51fcanirtcod">http://www.saij.gob.ar/hector-eduardo-ventola-delito-violacion-fin-una-discusion-dacf150709-2015-04/123456789-0abc-defg9070-51fcanirtcod</a>
942 ## - ADDED ENTRY ELEMENTS (KOHA)
Source of classification or shelving scheme Dewey Decimal Classification
Koha item type Analí­tica
980 ## - EQUIVALENCE OR CROSS-REFERENCE-SERIES STATEMENT--PERSONAL NAME/TITLE [LOCAL, CANADA]
Field link and sequence number 2
Miscellaneous information Virginia Figueroa
Holdings
Withdrawn status Lost status Source of classification or shelving scheme Damaged status Not for loan Collection code Home library Current library Date acquired Source of acquisition Serial Enumeration / chronology Full call number Date last seen Price effective from Koha item type
    Dewey Decimal Classification   Consultar Disponibilidad Revistas Biblioteca Central Biblioteca Central 14/08/2019 Donación Año III, No. 9 (abr. 2015) H 345 DER 14/08/2019 14/08/2019 Analí­tica

Lunes a Viernes 8:30 a 19:00 hs. Cerrado por mudanza
Av.Calchaqui 6200 Florencio Varela (CP188) 2°piso Edificio Mosconi Aula 209-210
Mail: bibliotecacentralunaj@gmail.com  
Whatsapp(54 9)1122668024    ❔Pregunte a la bibliotecaria
© Universidad Nacional Arturo Jauretche | Secretaría Académica | Biblioteca Central UNAJ